Treatise on handwriting forensics
Сохранить в:
| Главный автор: | |
|---|---|
| Формат: | |
| Язык: | английский |
| Опубликовано: |
Universal Law Publishers
2012
|
| Метки: |
Добавить метку
Нет меток, Требуется 1-ая метка записи!
|
MARC
| LEADER | 00000nam a22000007a 4500 | ||
|---|---|---|---|
| 008 | 211022b ||||| |||| 00| 0 eng d | ||
| 020 | |a 978-93-5035-107-9 | ||
| 100 | |a SHARMA, B.R. | ||
| 245 | |a Treatise on handwriting forensics |c B.R. Sharma |g xxxix, 656p.; ill. | ||
| 260 | |b Universal Law Publishers |c 2012 |h New Delhi |i 691561 |l KF8963 .Sh2 |m Writing identification. |m Title. | ||
| 500 | |a “Includes Index”. | ||
| 942 | |a lcc |c BK |e j. o. ifatola |f 22/ 10/ 2021 | ||
| 952 | |0 0 |1 0 |2 lcc |4 0 |6 KF8963 S H2 |7 0 |9 3663 |a HOL |b HOL |c LP |d 2021-10-22 |l 0 |o KF8963 .Sh2 |p 2021-67399 |r 2021-10-22 00:00:00 |w 2021-10-22 |y BK | ||
| 999 | |c 1819 |d 1819 | ||